| 000 | 00594cam a2200205 4500 | ||
|---|---|---|---|
| 001 | J100524 | ||
| 008 | 000000n1998 000 0 eng u | ||
| 035 | _a(Sirsi) u100192 | ||
| 041 | _aENG | ||
| 050 | _a692.8 | ||
| 110 |
_aJoint Contracts Tribunal _93664 |
||
| 245 | _aStandard form of prime cost contract 1998 edition. | ||
| 260 |
_aLondon _bRIBA Publications _c1998 |
||
| 300 | _a144p. ; 30cm. | ||
| 490 | _aJCT Standard Form of Prime Cost Contract 1998 Edition | ||
| 650 | _aJCT STANDARD FORM OF BUILDING CONTRACT | ||
| 650 | _aPCC 1998 | ||
| 690 |
_aContracts _96232 |
||
| 942 | _n0 | ||
| 999 |
_c99636 _d99636 |
||